00383nam a2200145Ia 4500008004100000020001500041041001200056082001100068100001500079245007500094250000800169260003700177300000800214650001500222221030s9999 xx 000 0 und d a8184888997 aEnglish a105.23 aS. R. Nair 0aConsumer Behaviour in Indian Perspective : Text & Casescby S. R. Nair a2nd bHimalaya Pub HouseaMumbaic2010 a632 aManagement